000 00260nam a22001217a 4500
008 181015b xxu||||| |||| 00| 0 eng d
041 _aeng
080 _a710
100 _a45
101 _aART
245 _aImpressionist Painting
_cVaan.G
942 _2udc
_cBK
999 _c49747
_d49747